People on Time Covers 1995 - Statistics

General Stats
  • This quiz has been taken 16 times
  • The average score is 11 of 23
Answer Stats
Hint Persons % Correct
Cuban revolutionary and politician who was the leader of Cuba from 1959 to 2008, serving as the prime minister of Cuba from 1959 to 1976 and president from 1976 to 2008. He passed away in 2016 Fidel Castro
100%
American businessman, investor, philanthropist, and writer best known for co-founding the software giant Microsoft. Bill Gates
93%
American football running back, actor, and broadcaster. He played in the NFL for 11 seasons, primarily with the Buffalo Bills. His professional success was overshadowed by his trial and controversial acquittal for the murders of his former wife and her friend. O.J. Simpson
93%
American film director, producer and screenwriter. He is the most commercially successful director in history. Movies include Jaws, Jurassic Park, Schindler's List, and Saving Private Ryan. Steven Spielberg
86%
American conservative political commentator who was a radio host of his own self titled show which first aired in 1984 and was nationally syndicated on AM and FM radio stations from 1988 until his death in 2021.He became one of the most prominent conservative voices in the United States during the 1990s and hosted a national television show from 1992 to 1996. Rush Limbaugh
71%
American politician and attorney who represented Kansas in the US Senate from 1969 to 1996. He was the Republican Leader of the Senate during the final 11 years of his tenure. He was the Republican presidential nominee in the 1996 election Bob Dole
57%
American attorney best known for his leading role in the defense and criminal acquittal of O. J. Simpson Johnnie Cochran
57%
American author, screenwriter and filmmaker. Most well known for Jurassic Park. Michael Crichton
57%
American domestic terrorist who perpetrated the Oklahoma City bombing in 1995. The bombing killed 168 people, 19 of whom were children, and injured 680. It remains the deadliest act of domestic terrorism in U.S. history. Timothy McVeigh
57%
American politician, statesman, diplomat, and United States Army officer who was the US secretary of state from 2001 to 2005. He was the first Black secretary of state. He was the US national security advisor from 1987 to 1989, and the chairman of the Joint Chiefs of Staff from 1989 to 1993. Colin Powell
50%
American politician and author who served as speaker of the U.S.House of Representatives from 1995 to 1999. In 2012, he unsuccessfully ran for the Republican nomination for president. Man of the Year. Newt Gingrich
50%
Israeli politician, statesman and general. He was the fifth prime minister of Israel, serving two terms in office, 1974–1977, and from 1992 until his assassination in 1995. Yitzhak Rabin
50%
German model and actress based in England. She rose to fame in the 1990s as one of the world's most successful models, attaining supermodel status. Claudia Schiffer
43%
American filmmaker, record executive, and entrepreneur. Co-founded Asylum Records. Later ran a self titled record company which included John Lennon, Nirvana, Neil Young, and Elton John as artists. David Geffen
29%
English derivatives trader whose fraudulent, unauthorised and speculative trades resulted in the 1995 collapse of Barings Bank, the United Kingdom's oldest merchant bank. Nick Leeson
29%
American paleo-conservative author, political commentator, and politician. He was an assistant and special consultant to U.S. presidents Nixon, Ford, and Reagan. In 1992 and 1996, he sought the Republican presidential nomination. Pat Buchanan
29%
An Egyptian pharaoh. The third ruler of the Nineteenth Dynasty. He is often regarded as the greatest, most celebrated, and most powerful pharaoh of the New Kingdom. He is widely considered one of ancient Egypt's most successful warrior pharaohs, Ramesses III
29%
American attorney and entrepreneur. Best known for being the short-term defense lawyer of Erik Menéndez and an attorney who successfully defended O.J. Simpson. Robert Shapiro
21%
American film producer and media proprietor. He was the chairman of Walt Disney Studios from 1984 to 1994. He co-founded DreamWorks Animation in 1994, where he served as the company's CEO and producer of its animated franchises such as Shrek and Madagascar. Jeffrey Katzenburg
14%
American political consultant and lobbyist, best known as the first executive director of the Christian Coalition during the early 1990s Ralph Reed
14%
A six-year-old Puerto Rican–Cuban-American girl who died of a brain hemorrhage inflicted by her mother, at the peak of a prolonged and increasing campaign of physical, mental, emotional, and sexual child abuse conducted between 1994 and 1995. The failure of child services sparking major reform in New York City. Elisa Izquierdo
7%
United States Air Force fighter pilot. In 1995, he was shot down over Bosnia and Herzegovina and forced to eject into hostile territory. US Marines eventually rescued him after nearly a week of his evading the Bosnian Serbs. The 2001 film Behind Enemy Lines is loosely based upon his experiences. Scott O'Grady
7%
Founder and leader of the Japanese doomsday cult known as Aum Shinrikyo. He was convicted of masterminding the deadly 1995 sarin gas attack on the Tokyo subway, Shoko Asahara
7%
No matching quizzes found
Score Distribution
Percent of People with Each Score
Percentile by Number Answered
Your Score History
You have not taken this quiz